Documento de Walth García de Mendieta (Record no. 5146)

MARC details
000 -CABECERA
campo de control de longitud fija 01551nam a2200325 a 4500
001 - NÚMERO DE CONTROL
campo de control BRCA_5452
005 - FECHA Y HORA DE LA ÚLTIMA TRANSACCIÓN
campo de control 20190320205102.0
008 - DATOS DE LONGITUD FIJA--INFORMACIÓN GENERAL
campo de control de longitud fija 171210s1748----mx-######v---#000-0#spa-#
041 ## - CÓDIGO DE LENGUA
Código de lengua del texto/banda sonora o título independiente spa
044 ## - CÓDIGO DEL PAÍS DE LA ENTIDAD EDITORA/PRODUCTORA
Código MARC del país mx
084 ## - OTRO NÚMERO DE CLASIFICACIÓN
Número de clasificación DOC74
Número de documento/Ítem .G37
-- 1748
100 1# - ENTRADA PRINCIPAL--NOMBRE DE PERSONA
Nombre de persona García de Mendieta, Walth
9 (RLIN) 13926
245 10 - MENCIÓN DE TÍTULO
Título Documento de Walth García de Mendieta
Mención de responsabilidad, etc. Walth García de Mendieta, Sebastían de Torres, Antonio de Secca y Guzmán.
260 ## - PUBLICACIÓN, DISTRIBUCIÓN, ETC.
Lugar de publicación, distribución, etc. México
Fecha de publicación, distribución, etc. 1748
300 ## - DESCRIPCIÓN FÍSICA
Extensión [5] fojas
Dimensiones 31 x 22 cm.
500 ## - NOTA GENERAL
Nota general Documento expedido el 30 de octubre de 1748
500 ## - NOTA GENERAL
Nota general Se presenta relación de la data de los gastos realizados por el contador Antonio Secca y Guzmán y data de haber entregado
-- 2,000 en plata a Don sebastián de Torres. Documento firmado por Walth García Mendieta.
500 ## - NOTA GENERAL
Nota general Papel con marca de agua
500 ## - NOTA GENERAL
Nota general El documento tiene la leyenda DOC. #74
500 ## - NOTA GENERAL
Nota general Margen superior tiene la leyenda: SELLO SEGUNDO Y UN QUARTILLO, A AÑOS DE MIL SETECIENTOS Y QUARENTA Y OCHO. Contiene sello Real Español
500 ## - NOTA GENERAL
Nota general Estado de conservación: contiene márgenes maltratados
506 0# - NOTA DE RESTRICCIONES AL ACCESO
Limitaciones de acceso Fondo reservado: para su consulta es necesario credencial de usuario y carta de motivos
546 ## - NOTA DE LENGUA/LENGUAJE
Nota de lengua/lenguaje Texto en: español de mediados del siglo XVIII
600 14 - PUNTO DE ACCESO ADICIONAL DE MATERIA--NOMBRE DE PERSONA
Nombre de persona García de Mendieta, Walth
9 (RLIN) 13926
650 14 - PUNTO DE ACCESO ADICIONAL DE MATERIA--TÉRMINO DE MATERIA
Término de materia o nombre geográfico como elemento de entrada Documentos legales
Subdivisión de forma Manuscrito
Subdivisión general Historia
Subdivisión cronológica Colonia, 1521-1821
Subdivisión geográfica México
9 (RLIN) 13927
700 1# - PUNTO DE ACCESO ADICIONAL--NOMBRE DE PERSONA
Nombre de persona Secca y Guzmán, Antonio
Títulos y otros términos asociados al nombre Contador
9 (RLIN) 13928
700 1# - PUNTO DE ACCESO ADICIONAL--NOMBRE DE PERSONA
Nombre de persona Torres, Sebastián de
9 (RLIN) 13929
902 ## - CATALOGADOR
Iniciales FDH
942 ## - ELEMENTOS DE PUNTO DE ACCESO ADICIONAL (KOHA)
Fuente del sistema de clasificación o colocación Library of Congress Classification
Tipo de ítem Koha Documentos
Holdings
Estado de retiro Estado de pérdida Estado dañado No para préstamo Localización permanente Ubicación/localización actual Fecha de adquisición Total de préstamos Signatura topográfica completa Código de barras Fecha visto por última vez Precio válido a partir de Tipo de ítem Koha
El ejemplar forma parte de la colección y puede ser consultado según las políticas vigentes.       Biblioteca del Museo Franz Mayer (Rogerio Casas-Alatriste) Biblioteca del Museo Franz Mayer (Rogerio Casas-Alatriste) 17/12/2010   DOC74 .G37 1748 5887 22/03/2019 22/03/2019 Documentos